Materials Science and Engineering : SI Version

Salvato in:
Dettagli Bibliografici
Autori principali: Callister, William D.,Jr (Autore), Rethwisch, David G. (Autore)
Natura: Libro
Lingua:inglese
Pubblicazione: New York : John Wiley & Sons, 2011
Edizione:8.ed.
Soggetti:
Accesso online:OBSAH
Tags: Aggiungi Tag
Nessun Tag, puoi essere il primo ad aggiungerne!!

MARC

LEADER 00000nam a22000003a 4500
001 stu219597
005 20190206124610.6
008 101217s1999----xxu-----------------eng-d
020 |a 978-0-470-50586-1 
040 |a STU  |b slo 
041 0 |a eng 
044 |a xxu 
080 |a 620.22 
100 1 |a Callister, William D.,Jr  |4 aut 
245 1 |a Materials Science and Engineering :  |b SI Version 
250 |a 8.ed. 
260 |a New York :  |b John Wiley & Sons,  |c 2011 
300 |a 885 s  |c príl. 
650 7 |a materiály  |2 stusub 
650 7 |a veda  |2 stusub 
650 7 |a vedy materiálové  |2 stusub 
650 7 |a inžinierstvo materiálové  |2 stusub 
700 1 |a Rethwisch, David G.  |4 aut 
856 4 |a https://sweb.mtf.stuba.sk/obsahy/materials_science_and_engineering_11  |u https://sweb.mtf.stuba.sk/obsahy/materials_science_and_engineering_11  |3 OBSAH 
996 |b 284EK88578  |c E*88578  |l EE10  |s P  |a 0  |w stu219597_0001 
996 |b 284M080707  |c M*13140-1  |l MMST  |s A  |a 24  |w stu219597_0002 
996 |b 284M084792  |c M*13140-2  |l MMKN  |s A  |a 24  |w stu219597_0003